| 000 | 01055nam a2200265 a 4500 | ||
|---|---|---|---|
| 001 | 000026170 | ||
| 003 | DO-SdBNP | ||
| 005 | 20250306141706.0 | ||
| 008 | 110303s1977 dr 000 0 spa d | ||
| 040 |
_aDO-SdBNP _bspa _cBNPHU |
||
| 082 |
_a378.199 _bU58g |
||
| 110 | 2 |
_aUniversidad Autónoma de Santo Domingo. _bOficina de Planificación Universitaria _936896 |
|
| 245 | 1 | 0 | _aGuía de carreras 77. |
| 260 |
_aSanto Domingo : _bUASD, _c1977. |
||
| 300 |
_a272 p. ; _c21 cm. |
||
| 490 | 1 |
_aPublicaciones de la Universidad Autónoma de Santo Domingo _v222 |
|
| 490 | 1 |
_aOPLAU. Colección Universidad y Planificación _v2 |
|
| 590 | _aInventariado, 2018/MFF | ||
| 610 | 1 | 0 |
_aUniversidad Autónoma de Santo Domingo _xPlanes de estudio _972951 |
| 610 | 2 | 4 |
_aUNIVERSIDADES-CURRICULA _xREPÚBLICA DOMINICANA _953174 |
| 610 | 2 | 4 |
_aPLANES DE ESTUDIO UNIVERSITARIO _953175 |
| 830 | 0 |
_aPublicaciones de la Universidad Autónoma de Santo Domingo _v222 _pUniversidad y Planificación _n2 _953176 |
|
| 910 | _aValidado. Control de calidad EMS. | ||
| 942 |
_2ddc _cLBS1 |
||
| 999 |
_c25662 _d25662 |
||